000 003900000a22001090004500
090 _aAS
_bSeriadas
245 1 0 _aHypolobocera gorgonensis sp.nov. (<Crustacea: Brachyura: Pseudothelphusidae>) un nuevo cangrejo de agua dulce de la isla de Gorgona, Colombia
041 0 _aEspaƱol
100 1 _aVon Prahl, Henry
_913112
942 _cARTICULO
773 1 _tCespedesia
_3124
_h45-46
_q105-110
_d1983
_g12
999 _c15104
_d15104